000 00325nam a2200133Ia 4500
005 20260328104329.0
008 260328s9999||||xx |||||||||||||| ||und||
100 _aSkidmore, Owings & Merril
245 0 _aSOM /
_cOwings & Merril Skidmore
260 _bMoncacelli
300 _a244 p.
650 _aARQUITECTOS
942 _cBK
999 _c11627
_d11627